000
00246nam a2200097Ia 4500
001
968679
005
20250826220348.0
008
250824s9999 xx 000 0 und d
245
0
_a
NE YAPMALI
_c
OKTAY SİNANOĞLU
260
_b
BİLİM-GÖNÜL YAYINLARI
999
_c
968679
_d
968679